000 03649cam a22005294i 4500
003 PE-LiUPU
005 20250731172832.0
008 150826s2008 miu rb 001 0 eng d
020 _a9780802862402
_q(pbk. : alk. paper)
035 _a(Sirsi) i9780802862402
040 _aDLC
_cDLC
_dDLC
_dPE-LiUPU
_erda
049 _aPRUA
050 0 0 _aBT705
_b.V63 2008
082 0 0 _a233
_bV8
_222
245 0 4 _aThe vocation of the child /
_cedited by Patrick McKinley Brennan.
264 1 _aGrand Rapids, Mich. :
_bWilliam B. Eerdmans Pub. Co.,
_c2008.
300 _axvi, 445 páginas ;
_c23 centímetros.
336 _atext
_2rdacontent
337 _aunmediated
_2rdamedia
338 _avolume
_2rdacarrier
490 0 _aReligion, marriage, and family
504 _aIncluye referencias bibliográficas e índice.
505 0 _aIntroduction -- The vocation, calling, or office of a child -- The vocation of the child : theological perspectives on the particular and paradoxical roles and responsibilities of children / Marcia J. Bunge -- In search of real children : innocence, absence, and becoming a self in Christ / William Werpehowski -- Luck, obedience, and the vocation of childhood / John E. Coons -- The office of the child in the Christian faith : a theology of childhood / Vigen Guroian -- Innocence, depravity, and hope for the freedom of the child -- Christ the pediatrician : Augustine on the diagnosis and treatment of the injured vocation of the child / William Harmless -- Thomas Aquinas and the paradigms of childhood / Philip L. Reynolds -- Children play with God : a contemporary thomistic understanding of the child / Patrick McKinley Brennan -- Hope for unbaptized infants : holy innocents after all? / Anthony J. Kelly -- The rights, duties, and work of the child -- The rights of children in medieval canon law / Charles J. Reid, Jr. -- The duties of love : the vocation of the child in the household manual tradition / John Witte, Jr. and Heather M. Good -- Children, chores, and vocation : a social and theological lacuna / Bonnie J. Miller-McLemore -- Deciding who the child will become -- Who should decide what the child will become? / Charles L. Glenn -- Soul for soul : the vocation of the child in lasallian pedagogy / Br. George Van Grieken -- The vocation of the child as a learner / Elmer John Thiessen -- The best interests of the child : modern lessons from the Christian traditions / Robert K. Vischer.
526 _aSEG42
526 _aSEG41
526 _aSEG40
526 _aSEG39
526 _aP94
526 _aP87
526 _aP86
526 _aP85
526 _aP77
526 _aP76
526 _aP35
650 0 _aNiños (Teología cristiana).
700 1 _aBrennan, Patrick M.,
_d1966- ,
_eeditor.
856 4 1 _3Tabla de contenido
_uhttp://www.loc.gov/catdir/toc/ecip0821/2008026252.html
910 _ardg
_bjck
_crdg
_d20150826
942 _2ddc
_cBOOK
949 _aPGT 233 V8
_wDEWEY
_c1
_i71952
_lCCODEBUL1
_mBUL
_p46.00
_r0
_sY
_tBOOK
_u2015-8-26
_xTEOLOGIA
_PP85
_0COMPRA
_o.CIRCNOTE. No olvidar cambiar la fecha de devolución!!!!!!!
_o.STAFF. Posgrado
994 _aC0
_bPEPRU
856 4 1 _3Tabla de contenido
_uhttp://www.loc.gov/catdir/toc/ecip0821/2008026252.html
856 4 1 _3Tabla de contenido
_uhttp://www.loc.gov/catdir/toc/ecip0821/2008026252.html
596 _a1
999 _aPGT 233 V8
_wDEWEY
_c6846
_i71952
_f2021-11-10
_g5
_lCCODEBUL1
_mBUL
_p46.00
_r0
_sY
_tBOOK
_u2015-8-26
_xTEOLOGIA
_PP85
_0COMPRA
_o.CIRCNOTE. No olvidar cambiar la fecha de devolución!!!!!!!
_o.STAFF. Posgrado
_d6846
980 _81
_gALBERTO SANCHEZ Responsable de Automatización